Theory and society
| Formato: | Electrónico Revista |
|---|---|
| Lenguaje: | inglés |
| Publicado: |
Amsterdam :
Elsevier Scientific Publishing Company,
©1974-
Dordrecht : Martinus Nijhoff Publishers Dordrecht : Kluwer Academic Pubilshers [Dordrecht] : Springer Science+Business Media B.V. |
| Materias: | |
| Acceso en línea: | Full text available from Research Library: 02/01/1997 to 1 year ago |
MARC
| LEADER | 00000nas a2200000 a 4500 | ||
|---|---|---|---|
| 001 | ssj0005631 | ||
| 003 | WaSeSS | ||
| 005 | 20200512172242.0 | ||
| 006 | m d | ||
| 007 | cr n | ||
| 008 | 021211c19749999ne br p s o 0 a0eng c | ||
| 010 | |a 2002227385 | ||
| 015 | |a 17,O11 |2 dnb | ||
| 016 | 7 | |a 020618891 |2 DE-101 | |
| 016 | 7 | |a 2019254-X |2 DE-600 | |
| 022 | |a 1573-7853 |l 0304-2421 |y 0304-2421 | ||
| 030 | |a THSODL | ||
| 035 | |a (WaSeSS)ssj0005631 | ||
| 037 | |b Springer Netherlands, Van Godewijckstraat 30, Dordrecht, 3311 GX Netherlands | ||
| 040 | |a EYM |b eng |e pn |c EYM |d OCLCQ |d GUA |d MND |d F#A |d OCLCQ |d HNK |d U9S |d OCLCQ |d TXA |d OCLCQ |d BUF |d OCLCO |d OCLCF |d OCLCO |d OCLCQ |d DEBBG |d GWDNB |d RCE |d AU@ |d DLC |d VT2 |d NJT |d NTG |d WaSeSS | ||
| 042 | |a pcc | ||
| 050 | 0 | 0 | |a HM1 |
| 082 | 0 | 4 | |a 301 |
| 130 | 0 | |a Theory and society (Online) | |
| 245 | 1 | 0 | |a Theory and society |h [electronic resource]. |
| 246 | 1 | 3 | |a Theor Soc |
| 260 | |a Amsterdam : |b Elsevier Scientific Publishing Company, |c ©1974- | ||
| 260 | 2 | |3 1986-Sept. 1987 : |a Dordrecht : |b Martinus Nijhoff Publishers | |
| 260 | 2 | |3 Nov. 1987-2004 : |a Dordrecht : |b Kluwer Academic Pubilshers | |
| 260 | 3 | |3 2005- : |a [Dordrecht] : |b Springer Science+Business Media B.V. | |
| 310 | |a Bimonthly, |b 1978- | ||
| 321 | |a Quarterly, |b 1974-1977 | ||
| 362 | 1 | |a Began with: Vol. 1, no. 1 (spring 1974). | |
| 500 | |a "Renewal and critique in social theory." | ||
| 506 | |a License restrictions may limit access. | ||
| 538 | |a Mode of access: World Wide Web. | ||
| 588 | |a Description based on: Vol. 1, no. 1 (spring 1974); title from PDF title page (JSTOR, viewed Mar. 10, 2004). | ||
| 588 | |a Latest issue consulted: Vol. 48, no. 1 (Jan. 2019) (SpringerLink website, viewed Jan. 28, 2019). | ||
| 650 | 0 | |a Sociology |v Periodicals. | |
| 650 | 6 | |a Sociologie |v Périodiques. | |
| 650 | 6 | |a Sociologie politique |v Périodiques. | |
| 650 | 7 | |a Sociology. |2 fast |0 (OCoLC)fst01123875 | |
| 655 | 0 | |a Electronic journals. | |
| 776 | 0 | 8 | |i Print version: |t Theory and society |x 0304-2421 |w (DLC) 78647592 |w (OCoLC)2252022 |
| 850 | |a DLC | ||
| 856 | 4 | 0 | |z Full text available from Research Library: 02/01/1997 to 1 year ago |u https://search.proquest.com/publication/54129 |